Lequel de ces films d'horreur ? Clic Quiz - Statistiques

Statistiques générales
  • Ce quiz a été pris 311 fois
  • Le résultat moyen est 13 sur 20
Statistiques - réponses
Hint Réponse % Correct

Titre du film

Shining

91%

Titre du film

Scream

91%

Titre du film

Les Dents de la mer

90%

Titre du film

L'Exorciste

89%

Acteur

Jack Nicholson

81%

Réalisateur

Steven Spielberg

77%

Réalisateur

Stanley Kubrick

75%

Actrice

Linda Blair

70%

Année de sortie

1996

67%

Personnage

Sidney Prescott

66%

Personnage

Danny Torrance

61%

Réalisateur

Wes Craven

59%

Personnage

Quint

57%

Actrice

Drew Barrymore

55%

Réalisateur

William Friedkin

52%

Acteur

Roy Scheider

50%

Année de sortie

1975

50%

Année de sortie

1973

48%

Année de sortie

1980

46%

Personnage

Damien Karras

27%
Aucun quiz correspondant
Distribution des résultats
% des personnes avec chaque résultat
Percentile par nombre de réponses
Votre historique - résultats
Vous n’avez pas pris ce quiz